| 000 | 01284nam a2200253 a 4500 | ||
|---|---|---|---|
| 001 | BRCA_9107 | ||
| 003 | FranzMayer | ||
| 005 | 20230728115653.0 | ||
| 008 | 051017s1780----sp-#######---#000-0#spa-# | ||
| 040 |
_aMFM _besp _cMFM |
||
| 041 | _aspa | ||
| 044 | _asp | ||
| 084 |
_aLM9 _b.S83 1780 |
||
| 100 | 1 |
_aSuarez, Miguel Gerónimo _922480 |
|
| 245 | 1 | 0 |
_aMemorias instructivas, y curiosas, sobre agricultura, comercio, industria, economía, química, botánica, historia natural, &c _bsacadas de las obras que hasta hoy han publicado varios autores extranjeros, y señaladamente las Reales Academias, y sociedades de Francia, Inglaterra, Alemania, Prusia, y Suecia _cpor Don Miguel Gerónimo Suarez. |
| 260 |
_aMadrid _bPor Don Pedro Marín _c1780 |
||
| 300 |
_a2 v. (t. 4 y 5) _c20.5 x 15 cm |
||
| 500 | _a: Se hallará todas las memorias que se publicaran en los Martes de cada semana en la Librería de Orcél, calle de las carreteras, y en casa del traductor, calle de la Magdalena, frente de las Urosas, casa N.3. cuarto principal. | ||
| 500 | _aEstado físico: presenta encuadernación en piel y presencia del pez de plata | ||
| 650 | 1 | 4 |
_aAgricultura _yObras anteriores a 1800 _922481 |
| 650 | 1 | 4 |
_aComercio _yObras anteriores a 1800 _922482 |
| 902 | _aCFM | ||
| 942 |
_2lcc _cB |
||
| 999 |
_c8756 _d8756 |
||